Giữ gìn sức khỏe sau khi sinh con
Tallennettuna:
| Päätekijä: | |
|---|---|
| Aineistotyyppi: | Kirja |
| Kieli: | Undetermined |
| Julkaistu: |
Hà Nội
Phụ Nữ
2005
|
| Aiheet: | |
| Tagit: |
Lisää tagi
Ei tageja, Lisää ensimmäinen tagi!
|
| Thư viện lưu trữ: | Trung tâm Học liệu Trường Đại học Cần Thơ |
|---|
| LEADER | 00603nam a2200205Ia 4500 | ||
|---|---|---|---|
| 001 | CTU_88824 | ||
| 008 | 210402s9999 xx 000 0 und d | ||
| 020 | |c 20000 | ||
| 082 | |a 613.9 | ||
| 082 | |b H401 | ||
| 100 | |a Đới, Diệu Hoa | ||
| 245 | 0 | |a Giữ gìn sức khỏe sau khi sinh con | |
| 245 | 0 | |c Đới Diệu Hoa, Hoàng Phương | |
| 260 | |a Hà Nội | ||
| 260 | |b Phụ Nữ | ||
| 260 | |c 2005 | ||
| 650 | |a Obstetrics,Girls,Women | ||
| 650 | |x Health and hygiene,Education | ||
| 904 | |i Tuyến,Hải | ||
| 980 | |a Trung tâm Học liệu Trường Đại học Cần Thơ | ||